000 00538nam a2200205Ia 4500
005 20250508162513.0
008 008 250505s9999 xx 000 0 eng d
020 _a0-631-13175-2
037 _aTextual
040 _aFEDL
_beng
_cFEDL
041 _aeng
_2eng
084 _a371.1, DAW
_qFEDL
100 _aDawson Peter
_9773310
245 0 _aTeachers and teaching
260 _aOxford
_bBaisl Blackwell
_c1984
300 _aviii,165p.
650 _aTeaching
942 _cTEXL
_h371.1, DAW
999 _c1376963
_d1376963